Magyarországról és a magyarokról Nyugat-Európa magyar-képe a középkorban

Bibliographic Details
Main Author: Csukovits, Enikő 1961- (Author)
Format: Book
Language:Hungarian
PhysicalDescription:307 s. tab. 25 cm
Published: Budapest MTA Bölcsészettudományi Kutatóközpont Történettudományi Intézet 2015
ISBN:9789634160144
Series:Magyar történelmi emlékek. Értekezések
Subjects:

MARC

LEADER 00000nam a2200000 a 4500
001 vtls011556845
003 SK-MaSNL
005 20260301041018.0
008 240318s2015 hu a 001 0 hun
015 |a SNBZSA2016 
020 |a 9789634160144  |q (viazané) 
035 |a 629D78E2-E0E6-4F64-86AE-A22E2790C0EA 
035 |a urn:nbn:sk:snk-amllvg 
035 |a urn:nbn:sk:snk-am00bmam 
040 |a SNK  |b slo  |a SNK  |e AACR2  |c SNK 
041 0 |a hun 
043 |a e-hu---  |a ew----- 
044 |a hu  |c HU 
072 7 |a 94(100)"04/ ..."  |x Dejiny stredoveku a novoveku (všeobecne)  |2 konspekt 
080 |a (439)  |2 2011 
080 |a 94"04/14"  |2 2011 
080 |a (4-15)  |2 2011 
080 |a 930.85  |2 2011 
080 |a (048.8)  |2 2011 
100 1 |a Csukovits, Enikő  |d 1961-  |4 aut  |9 342095 
245 1 0 |a Magyarországról és a magyarokról  |b Nyugat-Európa magyar-képe a középkorban  |c Csukovits Enikő 
260 |a Budapest  |b MTA Bölcsészettudományi Kutatóközpont Történettudományi Intézet  |c 2015 
300 |a 307 s.  |b tab.  |c 25 cm 
490 1 |a Magyar történelmi emlékek. Értekezések 
504 |a Bibliogr. ; bibliogr. odkazy ; register 
650 0 7 |a stredovek  |2 SNKPH  |9 4259 
650 0 7 |a Middle Ages  |2 SNKPHeng  |9 263011 
650 0 7 |a kultúrne dejiny  |2 SNKPH  |9 4307 
650 0 7 |a Cultural history  |2 SNKPHeng  |9 267439 
651 7 |a Maďarsko  |x dejiny  |2 SNKPH  |9 18630 
651 7 |a Hungary  |x history  |2 SNKPHeng  |9 314626 
651 7 |a Európa západná  |2 SNKPH  |9 162640 
651 7 |a Europe, Western  |2 SNKPHeng  |9 176364 
655 7 |a monografie  |2 SNKPH  |9 70139 
655 7 |a Monographs  |2 SNKPHeng  |9 120675 
830 0 |a Magyar történelmi emlékek. Értekezések  |9 342096 
919 |a 978-963-416-014-4 
958 |a ZS 
958 |a NB 
999 |c 587366  |d 589296 
952 |a SNK  |b SNK  |y PREZ  |7 0  |p 17A1198503  |o snkSC 170437  |i snk2016/16000  |8 2  |g 8.12  |0 0  |1 0  |4 0  |d 2016-06-01  |f 1  |l 0  |r 2025-09-08 00:00:00  |w 2026-02-23